| 000 | 00598nam a2200193 i 4500 | ||
|---|---|---|---|
| 001 | 57651 | ||
| 003 | ES-MaACL | ||
| 005 | 20250921063025.0 | ||
| 007 | t| | ||
| 008 | 031017s1972 sp ||||1| spa d | ||
| 100 | 1 |
_aDoyle, Arthur Conan, _cSir, _d1859-1930 _945552 |
|
| 245 | 1 | 4 |
_aLas memorias de Sherlock Holmes / _cArthur Conan Doyle ; [traducción de Amando Lázaro Ros]. |
| 250 | _a[1ª ed.]. | ||
| 260 |
_aBarcelona : _bBarral, _c1972. |
||
| 300 |
_a348 p. ; _c19 cm. |
||
| 700 | 1 |
_aLázaro Ros, Amando. _970807 |
|
| 852 |
_aES-MaACL _jC-43609 _bR.83090 |
||
| 999 |
_c57651 _d57651 |
||